[Event "Girls U20 Polish Youth Championship"]
[Site "Ustron"]
[Date "2019.11.29"]
[Round "8"]
[White "Kubicka, Anna"]
[Black "Kiolbasa, Oliwia"]
[Result "1-0"]
[Board "1"]
[WhiteElo "2221"]
[WhiteTitle "WIM"]
[WhiteCountry "POL"]
[WhiteFideId "1152254"]
[WhiteEloChange "10"]
[BlackElo "2208"]
[BlackTitle "WIM"]
[BlackCountry "POL"]
[BlackFideId "1154613"]
[BlackEloChange "-10"]

1. d4 {[%clk 1:30:37]} Nf6 {[%clk 1:30:48]} 2. c4 {[%clk 1:30:50]} e6 {[%clk
1:31:11]} 3. g3 {[%clk 1:31:13]} c5 {[%clk 1:31:26]} 4. d5 {[%clk 1:31:38]} exd5
{[%clk 1:31:44]} 5. cxd5 {[%clk 1:31:59]} b5 {[%clk 1:32:06]} 6. Nf3 {[%clk
1:32:20]} d6 {[%clk 1:20:49]} 7. e4 {[%clk 1:31:34]} Qa5+ {[%clk 1:13:05]} 8. Bd2
{[%clk 1:26:08]} b4 {[%clk 1:12:22]} 9. Na3 {[%clk 1:16:05]} Qd8 {[%clk 0:47:29]}
10. Nc4 {[%clk 0:51:42]} Nxe4 {[%clk 0:47:43]} 11. Qe2 {[%clk 0:50:06]} f5 {[%clk
0:34:40]} 12. Nh4 {[%clk 0:44:07]} Qe7 {[%clk 0:33:05]} 13. O-O-O {[%clk
0:43:54]} Nxd2 {[%clk 0:24:57]} 14. Qxd2 {[%clk 0:43:31]} Qf6 {[%clk 0:23:34]}
15. Re1+ {[%clk 0:42:55]} Be7 {[%clk 0:22:24]} 16. Qe3 {[%clk 0:39:17]} Kf7
{[%clk 0:20:02]} 17. Bd3 {[%clk 0:36:13]} g6 {[%clk 0:20:07]} 18. Nf3 {[%clk
0:33:46]} Re8 {[%clk 0:15:02]} 19. Qh6 {[%clk 0:27:43]} Kg8 {[%clk 0:14:25]} 20.
h4 {[%clk 0:27:24]} Qf8 {[%clk 0:11:05]} 21. Qf4 {[%clk 0:26:24]} Bb7 {[%clk
0:06:11]} 22. h5 {[%clk 0:26:27]} Bxd5 {[%clk 0:06:17]} 23. hxg6 {[%clk 0:26:50]}
hxg6 {[%clk 0:06:38]} 24. Rh6 {[%clk 0:22:48]} Kg7 {[%clk 0:03:59]} 25. Reh1
{[%clk 0:22:37]} Bg8 {[%clk 0:03:09]} 26. Rxg6+ {[%clk 0:20:16]} Kxg6 {[%clk
0:03:23]} 27. Qg4+ {[%clk 0:20:42]} Kf7 {[%clk 0:03:27]} 28. Nce5+ {[%clk
0:10:07]} Ke6 {[%clk 0:03:28]} 29. Qg6+ {[%clk 0:10:31]} Bf6 {[%clk 0:01:45]} 30.
Qxf5+ {[%clk 0:10:42]} Ke7 {[%clk 0:02:11]} 31. Ng6+ {[%clk 0:10:09]} Kd8 {[%clk
0:02:40]} 32. Nxf8 {[%clk 0:10:24]} Rxf8 {[%clk 0:03:09]} 33. Qh5 {[%clk
0:09:01]} Nd7 {[%clk 0:03:08]} 34. Be4 {[%clk 0:08:54]} Rb8 {[%clk 0:03:31]} 35.
Bd5 {[%clk 0:09:15]} Kc7 {[%clk 0:03:19]} 36. Rd1 {[%clk 0:08:42]} Ne5 {[%clk
0:02:11]} 37. Bxg8 {[%clk 0:08:24]} Rxg8 {[%clk 0:02:40]} 38. Nxe5 {[%clk
0:08:45]} Bxe5 {[%clk 0:03:08]} 39. Qf7+ {[%clk 0:08:17]} Kb6 {[%clk 0:03:20]}
40. Qd5 {[%clk 0:36:53]} Rbd8 {[%clk 0:32:53]} 41. f4 {[%clk 0:37:04]} Bd4 {[%clk
0:30:44]} 42. Re1 {[%clk 0:36:39]} Rg7 {[%clk 0:29:23]} 43. Re6 {[%clk 0:36:34]}
Kc7 {[%clk 0:29:43]} 44. g4 {[%clk 0:35:49]} Rdd7 {[%clk 0:29:10]} 45. g5 {[%clk
0:34:34]} Rh7 {[%clk 0:29:35]} 46. Re2 {[%clk 0:33:22]} Rh4 {[%clk 0:29:12]} 47.
f5 {[%clk 0:31:18]} Rf4 {[%clk 0:28:46]} 48. f6 {[%clk 0:30:46]} a5 {[%clk
0:29:05]} 49. Qa8 {[%clk 0:29:22]} Kb6 {[%clk 0:28:16]} 50. Re7 {[%clk 0:28:54]}
1-0

[Event "Girls U20 Polish Youth Championship"]
[Site "Ustron"]
[Date "2019.11.29"]
[Round "8"]
[White "Malicka, Maria"]
[Black "Antolak, Julia"]
[Result "1-0"]
[Board "2"]
[WhiteElo "2104"]
[WhiteTitle "WCM"]
[WhiteCountry "POL"]
[WhiteFideId "1197576"]
[WhiteEloChange "14"]
[BlackElo "2249"]
[BlackTitle "WIM"]
[BlackCountry "POL"]
[BlackFideId "1159569"]
[BlackEloChange "-14"]

1. e4 {[%clk 1:30:58]} c5 {[%clk 1:30:53]} 2. Nf3 {[%clk 1:31:25]} e6 {[%clk
1:31:17]} 3. d4 {[%clk 1:31:50]} cxd4 {[%clk 1:31:42]} 4. Nxd4 {[%clk 1:32:17]}
Nf6 {[%clk 1:32:04]} 5. Nc3 {[%clk 1:32:44]} d6 {[%clk 1:32:29]} 6. g4 {[%clk
1:33:07]} Nc6 {[%clk 1:32:42]} 7. g5 {[%clk 1:33:19]} Nd7 {[%clk 1:33:06]} 8. Be3
{[%clk 1:33:31]} Be7 {[%clk 1:33:25]} 9. h4 {[%clk 1:33:54]} O-O {[%clk 1:33:44]}
10. Qd2 {[%clk 1:34:13]} Nde5 {[%clk 1:33:52]} 11. O-O-O {[%clk 1:34:27]} Ng4
{[%clk 1:33:00]} 12. Ndb5 {[%clk 1:34:30]} Nxe3 {[%clk 1:28:51]} 13. Qxe3 {[%clk
1:34:52]} a6 {[%clk 1:11:29]} 14. Nxd6 {[%clk 1:35:09]} Bxd6 {[%clk 1:10:42]} 15.
e5 {[%clk 1:35:35]} Nxe5 {[%clk 1:02:48]} 16. Ne4 {[%clk 1:35:57]} Qc7 {[%clk
0:50:14]} 17. Nxd6 {[%clk 1:35:11]} Nc6 {[%clk 0:49:48]} 18. Ne4 {[%clk 1:04:03]}
e5 {[%clk 0:36:45]} 19. Nf6+ {[%clk 0:46:38]} Kh8 {[%clk 0:35:06]} 20. Qe4 {[%clk
0:38:04]} g6 {[%clk 0:30:18]} 21. Bh3 {[%clk 0:35:19]} Bxh3 {[%clk 0:25:21]} 22.
Rxh3 {[%clk 0:35:48]} Rad8 {[%clk 0:25:11]} 23. Rdh1 {[%clk 0:26:37]} Qa5 {[%clk
0:20:34]} 24. a3 {[%clk 0:21:43]} Qd2+ {[%clk 0:19:08]} 25. Kb1 {[%clk 0:22:11]}
h5 {[%clk 0:18:29]} 26. gxh6 {[%clk 0:15:03]} Qxf2 {[%clk 0:18:28]} 27. Rf3
{[%clk 0:13:35]} Qg2 {[%clk 0:18:13]} 28. Rhf1 {[%clk 0:12:01]} Rd4 {[%clk
0:17:42]} 29. Qe3 {[%clk 0:11:19]} Rfd8 {[%clk 0:13:43]} 30. Qb3 {[%clk 0:09:53]}
Rxh4 {[%clk 0:07:09]} 31. Qxf7 {[%clk 0:07:59]} Rxh6 {[%clk 0:07:34]} 32. Ne8
{[%clk 0:07:41]} 1-0

[Event "Girls U20 Polish Youth Championship"]
[Site "Ustron"]
[Date "2019.11.29"]
[Round "8"]
[White "Kulpa, Zuzanna"]
[Black "Cieslak, Wiktoria"]
[Result "1/2-1/2"]
[Board "3"]
[WhiteElo "1878"]
[WhiteCountry "POL"]
[WhiteFideId "1195093"]
[WhiteEloChange "4"]
[BlackElo "2039"]
[BlackCountry "POL"]
[BlackFideId "1160036"]
[BlackEloChange "-4"]

1. d4 {[%clk 1:30:58]} Nf6 {[%clk 1:30:51]} 2. c4 {[%clk 1:31:23]} e6 {[%clk
1:31:15]} 3. Nf3 {[%clk 1:31:48]} b6 {[%clk 1:31:41]} 4. a3 {[%clk 1:32:12]} Bb7
{[%clk 1:32:08]} 5. Nc3 {[%clk 1:32:35]} d5 {[%clk 1:32:35]} 6. cxd5 {[%clk
1:32:56]} exd5 {[%clk 1:33:03]} 7. g3 {[%clk 1:33:18]} Be7 {[%clk 1:33:18]} 8.
Bg2 {[%clk 1:33:38]} O-O {[%clk 1:33:18]} 9. O-O {[%clk 1:33:59]} Nbd7 {[%clk
1:32:40]} 10. Bf4 {[%clk 1:33:27]} c5 {[%clk 1:31:45]} 11. Ne5 {[%clk 1:32:06]}
Nxe5 {[%clk 1:26:40]} 12. Bxe5 {[%clk 1:27:51]} Ne4 {[%clk 1:24:33]} 13. dxc5
{[%clk 1:26:20]} Nxc3 {[%clk 1:23:41]} 14. Bxc3 {[%clk 1:26:37]} bxc5 {[%clk
1:24:05]} 15. e3 {[%clk 1:25:26]} Bf6 {[%clk 1:18:24]} 16. Bxf6 {[%clk 1:21:13]}
Qxf6 {[%clk 1:16:17]} 17. Qc2 {[%clk 1:21:35]} Rac8 {[%clk 1:14:51]} 18. Rfd1
{[%clk 1:18:18]} Rfd8 {[%clk 1:14:22]} 19. Rd2 {[%clk 1:17:17]} Qb6 {[%clk
1:12:06]} 20. Rad1 {[%clk 1:16:24]} d4 {[%clk 1:10:10]} 21. Bxb7 {[%clk 1:15:37]}
Qxb7 {[%clk 1:10:36]} 22. exd4 {[%clk 1:15:17]} Rxd4 {[%clk 1:09:53]} 23. Rxd4
{[%clk 1:14:41]} cxd4 {[%clk 1:10:15]} 24. Rxd4 {[%clk 1:14:50]} h6 {[%clk
1:09:50]} 25. Qd2 {[%clk 1:13:04]} Qb6 {[%clk 1:08:04]} 26. Rd7 {[%clk 1:04:31]}
a5 {[%clk 1:04:47]} 27. Qd5 {[%clk 0:57:09]} Rf8 {[%clk 1:02:44]} 28. Rb7 {[%clk
0:55:57]} Qa6 {[%clk 1:01:11]} 29. Kg2 {[%clk 0:49:44]} a4 {[%clk 0:59:22]} 30.
Qb5 {[%clk 0:45:38]} Qe6 {[%clk 0:54:15]} 31. Qd3 {[%clk 0:38:08]} Rc8 {[%clk
0:51:50]} 32. Qf3 {[%clk 0:36:05]} Rd8 {[%clk 0:38:47]} 33. Rb4 {[%clk 0:30:06]}
Qa6 {[%clk 0:32:00]} 34. Qe4 {[%clk 0:28:30]} Ra8 {[%clk 0:30:53]} 35. h3 {[%clk
0:22:57]} Qa5 {[%clk 0:28:09]} 36. Qc6 {[%clk 0:21:40]} Qa7 {[%clk 0:27:02]} 37.
Rf4 {[%clk 0:15:03]} Kf8 {[%clk 0:23:50]} 38. Qd5 {[%clk 0:08:10]} Kg8 {[%clk
0:20:27]} 39. Rxf7 {[%clk 0:05:35]} Qxf7 {[%clk 0:19:52]} 40. Qxa8+ {[%clk
0:36:00]} Kh7 {[%clk 0:50:11]} 41. Qe4+ {[%clk 0:33:51]} Kh8 {[%clk 0:50:26]} 42.
Qxa4 {[%clk 0:31:40]} Qb7+ {[%clk 0:50:50]} 43. Kg1 {[%clk 0:32:02]} Qxb2 {[%clk
0:51:10]} 44. Qb4 {[%clk 0:32:13]} Qc1+ {[%clk 0:51:21]} 45. Kg2 {[%clk 0:31:12]}
Qc6+ {[%clk 0:51:46]} 46. Kh2 {[%clk 0:31:38]} Qf3 {[%clk 0:52:10]} 47. Qc5
{[%clk 0:31:39]} Qe4 {[%clk 0:51:40]} 48. Qf8+ {[%clk 0:29:04]} Kh7 {[%clk
0:51:56]} 49. Qf4 {[%clk 0:29:22]} Qa8 {[%clk 0:51:45]} 50. a4 {[%clk 0:29:12]}
h5 {[%clk 0:51:44]} 51. Qf5+ {[%clk 0:23:51]} g6 {[%clk 0:51:54]} 52. Qd7+ {[%clk
0:23:39]} Kh6 {[%clk 0:52:14]} 53. Qd2+ {[%clk 0:24:01]} Kh7 {[%clk 0:52:30]} 54.
a5 {[%clk 0:24:24]} h4 {[%clk 0:52:38]} 55. Qb4 {[%clk 0:15:08]} hxg3+ {[%clk
0:52:45]} 56. Kxg3 {[%clk 0:15:34]} Qc6 {[%clk 0:50:48]} 57. Qb6 {[%clk 0:10:28]}
Qc3+ {[%clk 0:50:00]} 58. Kg2 {[%clk 0:10:51]} Qe5 {[%clk 0:49:37]} 59. Qa7+
{[%clk 0:10:27]} Kh8 {[%clk 0:49:32]} 60. Qa8+ {[%clk 0:10:19]} Kh7 {[%clk
0:49:54]} 61. Qb7+ {[%clk 0:07:52]} Kh6 {[%clk 0:49:57]} 62. Qb6 {[%clk 0:04:09]}
Qd5+ {[%clk 0:50:01]} 63. Kg1 {[%clk 0:03:42]} Qg5+ {[%clk 0:49:56]} 64. Kf1
{[%clk 0:03:41]} Qc1+ {[%clk 0:50:19]} 65. Ke2 {[%clk 0:03:45]} Qc2+ {[%clk
0:50:39]} 66. Ke3 {[%clk 0:04:02]} Qc3+ {[%clk 0:49:51]} 67. Ke4 {[%clk 0:03:28]}
Qc2+ {[%clk 0:49:37]} 68. Ke5 {[%clk 0:03:23]} Qc3+ {[%clk 0:49:25]} 69. Kd6
{[%clk 0:03:15]} Qf6+ {[%clk 0:49:32]} 70. Kc7 {[%clk 0:02:30]} Qe7+ {[%clk
0:49:31]} 71. Kb8 {[%clk 0:02:45]} Qe8+ {[%clk 0:49:41]} 72. Kb7 {[%clk 0:02:18]}
Qd7+ {[%clk 0:48:47]} 73. Ka6 {[%clk 0:02:43]} Qd3+ {[%clk 0:49:03]} 74. Ka7
{[%clk 0:01:59]} Qd7+ {[%clk 0:49:21]} 75. Qb7 {[%clk 0:01:49]} Qd4+ {[%clk
0:49:45]} 76. Qb6 {[%clk 0:01:31]} Qd7+ {[%clk 0:50:08]} 77. Kb8 {[%clk 0:01:07]}
Qe8+ {[%clk 0:50:26]} 78. Kc7 {[%clk 0:01:31]} Qe7+ {[%clk 0:50:39]} 79. Kc6
{[%clk 0:01:50]} Qe6+ {[%clk 0:49:39]} 80. Kb5 {[%clk 0:02:02]} Qb3+ {[%clk
0:48:50]} 81. Ka6 {[%clk 0:01:16]} Qd3+ {[%clk 0:49:16]} 1/2-1/2

[Event "Girls U20 Polish Youth Championship"]
[Site "Ustron"]
[Date "2019.11.29"]
[Round "8"]
[White "Dwilewicz, Katarzyna"]
[Black "Adamczyk, Zuzanna"]
[Result "1-0"]
[Board "4"]
[WhiteElo "2100"]
[WhiteTitle "WFM"]
[WhiteCountry "POL"]
[WhiteFideId "1148486"]
[WhiteEloChange "7"]
[BlackElo "1992"]
[BlackCountry "POL"]
[BlackFideId "1187570"]
[BlackEloChange "-7"]

1. e4 {[%clk 1:30:58]} c5 {[%clk 1:30:49]} 2. Nf3 {[%clk 1:31:23]} e6 {[%clk
1:31:04]} 3. g3 {[%clk 1:31:33]} Nc6 {[%clk 1:29:49]} 4. Bg2 {[%clk 1:31:45]} d5
{[%clk 1:27:41]} 5. exd5 {[%clk 1:31:35]} exd5 {[%clk 1:27:33]} 6. O-O {[%clk
1:31:54]} Nf6 {[%clk 1:27:24]} 7. d4 {[%clk 1:31:57]} Be7 {[%clk 1:27:22]} 8.
dxc5 {[%clk 1:29:02]} Bxc5 {[%clk 1:26:49]} 9. Bg5 {[%clk 1:28:57]} Be6 {[%clk
1:23:40]} 10. Nc3 {[%clk 1:28:09]} O-O {[%clk 1:17:26]} 11. Nd2 {[%clk 1:22:51]}
d4 {[%clk 1:01:32]} 12. Bxf6 {[%clk 1:07:08]} Qxf6 {[%clk 1:01:07]} 13. Nce4
{[%clk 1:07:31]} Qe7 {[%clk 0:59:34]} 14. Nxc5 {[%clk 1:07:56]} Qxc5 {[%clk
0:59:37]} 15. Nb3 {[%clk 1:08:11]} Qb6 {[%clk 0:48:21]} 16. Bxc6 {[%clk 0:55:45]}
Bxb3 {[%clk 0:46:57]} 17. axb3 {[%clk 0:55:53]} bxc6 {[%clk 0:42:26]} 18. Qd3
{[%clk 0:53:36]} a5 {[%clk 0:40:57]} 19. Ra4 {[%clk 0:51:55]} c5 {[%clk 0:40:36]}
20. Rfa1 {[%clk 0:52:02]} Ra7 {[%clk 0:40:05]} 21. Qd2 {[%clk 0:48:34]} Rfa8
{[%clk 0:39:43]} 22. Re1 {[%clk 0:48:37]} Kf8 {[%clk 0:32:11]} 23. Qg5 {[%clk
0:44:30]} h6 {[%clk 0:25:45]} 24. Qe5 {[%clk 0:36:45]} Kg8 {[%clk 0:20:25]} 25.
Rc4 {[%clk 0:35:57]} Rc7 {[%clk 0:19:28]} 26. Re4 {[%clk 0:31:38]} Qc6 {[%clk
0:09:53]} 27. Rexd4 {[%clk 0:14:37]} Re8 {[%clk 0:04:36]} 28. Qd5 {[%clk
0:15:03]} Qf6 {[%clk 0:03:02]} 29. Rf4 {[%clk 0:11:28]} Qxb2 {[%clk 0:02:18]} 30.
Rxc5 {[%clk 0:09:57]} Rce7 {[%clk 0:01:50]} 31. Kg2 {[%clk 0:09:04]} Kf8 {[%clk
0:00:47]} 32. Rcc4 {[%clk 0:08:17]} f6 {[%clk 0:00:38]} 33. Qxa5 {[%clk 0:06:59]}
Qc1 {[%clk 0:00:40]} 34. Qb4 {[%clk 0:05:38]} Kf7 {[%clk 0:00:43]} 35. Rc6 {[%clk
0:03:09]} Re1 {[%clk 0:00:35]} 36. Qc4+ {[%clk 0:03:19]} Kf8 {[%clk 0:00:43]} 37.
Rc7 {[%clk 0:02:45]} Rg1+ {[%clk 0:00:41]} 38. Kh3 {[%clk 0:03:11]} Qf1+ {[%clk
0:00:38]} 39. Qxf1 {[%clk 0:03:37]} Rxf1 {[%clk 0:01:04]} 40. Kg2 {[%clk
0:32:49]} Rc1 {[%clk 0:31:08]} 41. Rd4 {[%clk 0:30:48]} 1-0

[Event "Girls U20 Polish Youth Championship"]
[Site "Ustron"]
[Date "2019.11.29"]
[Round "8"]
[White "Dylag, Emilia"]
[Black "Pawicka, Magdalena"]
[Result "1-0"]
[Board "5"]
[WhiteElo "2046"]
[WhiteCountry "POL"]
[WhiteFideId "21805172"]
[WhiteEloChange "3"]
[BlackElo "1745"]
[BlackCountry "POL"]
[BlackFideId "21836507"]
[BlackEloChange "-3"]

1. Nf3 {[%clk 1:30:54]} d5 {[%clk 1:30:49]} 2. g3 {[%clk 1:31:11]} Nf6 {[%clk
1:31:13]} 3. Bg2 {[%clk 1:31:32]} c5 {[%clk 1:30:43]} 4. O-O {[%clk 1:31:18]} e6
{[%clk 1:30:44]} 5. d3 {[%clk 1:31:23]} Nc6 {[%clk 1:29:13]} 6. Nbd2 {[%clk
1:31:19]} Be7 {[%clk 1:26:03]} 7. e4 {[%clk 1:30:01]} O-O {[%clk 1:25:36]} 8. Re1
{[%clk 1:29:51]} b6 {[%clk 1:18:11]} 9. e5 {[%clk 1:29:34]} Nd7 {[%clk 1:17:59]}
10. Nf1 {[%clk 1:29:06]} Bb7 {[%clk 1:15:38]} 11. h4 {[%clk 1:28:43]} Qc7 {[%clk
1:11:52]} 12. Bf4 {[%clk 1:28:42]} Rfd8 {[%clk 1:06:18]} 13. h5 {[%clk 1:27:59]}
d4 {[%clk 0:54:24]} 14. h6 {[%clk 1:27:12]} g6 {[%clk 0:54:23]} 15. N1h2 {[%clk
1:24:28]} Nb4 {[%clk 0:51:39]} 16. Ng4 {[%clk 1:19:35]} Nd5 {[%clk 0:50:42]} 17.
Bg5 {[%clk 1:17:11]} Bxg5 {[%clk 0:42:27]} 18. Nxg5 {[%clk 1:17:34]} Ne7 {[%clk
0:39:40]} 19. Bxb7 {[%clk 1:09:48]} Qxb7 {[%clk 0:39:58]} 20. Ne4 {[%clk
1:07:12]} Nf5 {[%clk 0:34:16]} 21. Qf3 {[%clk 1:03:03]} Kh8 {[%clk 0:31:26]} 22.
Qf4 {[%clk 1:01:16]} b5 {[%clk 0:24:47]} 23. Qg5 {[%clk 0:40:06]} Qd5 {[%clk
0:20:24]} 24. Nef6 {[%clk 0:27:02]} Qc6 {[%clk 0:17:25]} 25. Nh2 {[%clk 0:22:02]}
Nxf6 {[%clk 0:17:05]} 26. Qxf6+ {[%clk 0:22:17]} Kg8 {[%clk 0:17:28]} 27. Qg5
{[%clk 0:20:09]} Qb7 {[%clk 0:16:45]} 28. Ng4 {[%clk 0:16:24]} Qe7 {[%clk
0:15:23]} 29. Nf6+ {[%clk 0:16:38]} Kh8 {[%clk 0:15:49]} 30. g4 {[%clk 0:15:23]}
Rg8 {[%clk 0:15:54]} 31. Kh2 {[%clk 0:12:32]} Qb7 {[%clk 0:15:55]} 32. gxf5
{[%clk 0:11:40]} gxf5 {[%clk 0:16:04]} 33. Nxg8 {[%clk 0:12:02]} 1-0

[Event "Girls U20 Polish Youth Championship"]
[Site "Ustron"]
[Date "2019.11.29"]
[Round "8"]
[White "Hertlein, Irena"]
[Black "Goraj, Barbara"]
[Result "1/2-1/2"]
[Board "6"]
[WhiteElo "1771"]
[WhiteCountry "POL"]
[WhiteFideId "21817618"]
[WhiteEloChange "7"]
[BlackElo "2044"]
[BlackTitle "WCM"]
[BlackCountry "POL"]
[BlackFideId "21816166"]
[BlackEloChange "-7"]

1. d4 {[%clk 1:30:57]} Nf6 {[%clk 1:30:45]} 2. Nf3 {[%clk 1:31:19]} e6 {[%clk
1:30:59]} 3. g3 {[%clk 1:31:31]} Be7 {[%clk 1:30:28]} 4. Bg2 {[%clk 1:31:53]} O-O
{[%clk 1:28:51]} 5. O-O {[%clk 1:32:08]} d5 {[%clk 1:27:25]} 6. c4 {[%clk
1:32:03]} dxc4 {[%clk 1:26:17]} 7. Ne5 {[%clk 1:32:08]} c5 {[%clk 1:24:59]} 8.
dxc5 {[%clk 1:29:54]} Qc7 {[%clk 1:24:38]} 9. Nxc4 {[%clk 1:28:11]} Qxc5 {[%clk
1:23:34]} 10. Qb3 {[%clk 1:21:21]} Nc6 {[%clk 1:18:21]} 11. Be3 {[%clk 1:15:09]}
Qh5 {[%clk 1:06:16]} 12. Nbd2 {[%clk 0:54:40]} Ng4 {[%clk 0:58:21]} 13. h3 {[%clk
0:51:09]} Nxe3 {[%clk 0:57:42]} 14. Qxe3 {[%clk 0:50:31]} Bd7 {[%clk 0:46:58]}
15. Nf3 {[%clk 0:37:32]} Bc5 {[%clk 0:30:56]} 16. Qg5 {[%clk 0:37:25]} Qxg5
{[%clk 0:30:51]} 17. Nxg5 {[%clk 0:37:54]} b5 {[%clk 0:28:33]} 18. Rfd1 {[%clk
0:25:41]} bxc4 {[%clk 0:21:34]} 19. Rxd7 {[%clk 0:26:01]} Ne5 {[%clk 0:18:52]}
20. Rd2 {[%clk 0:20:37]} Rab8 {[%clk 0:18:10]} 21. Rad1 {[%clk 0:19:43]} a5
{[%clk 0:16:57]} 22. Ne4 {[%clk 0:17:51]} Bb4 {[%clk 0:14:00]} 23. Rc2 {[%clk
0:16:19]} Rfd8 {[%clk 0:11:42]} 24. Rxd8+ {[%clk 0:16:35]} Rxd8 {[%clk 0:11:58]}
25. f4 {[%clk 0:16:29]} Nc6 {[%clk 0:05:58]} 26. Rxc4 {[%clk 0:16:42]} Nd4 {[%clk
0:05:30]} 27. Kf2 {[%clk 0:15:30]} h6 {[%clk 0:05:41]} 28. a3 {[%clk 0:14:04]}
Bf8 {[%clk 0:05:37]} 29. b4 {[%clk 0:13:23]} a4 {[%clk 0:05:12]} 30. Nc5 {[%clk
0:11:13]} Nb5 {[%clk 0:05:16]} 31. Nxa4 {[%clk 0:10:56]} Nxa3 {[%clk 0:05:28]}
32. Re4 {[%clk 0:10:01]} Rb8 {[%clk 0:03:05]} 33. Nc5 {[%clk 0:09:27]} Rxb4
{[%clk 0:02:28]} 34. Nd7 {[%clk 0:09:16]} 1/2-1/2

[Event "Girls U20 Polish Youth Championship"]
[Site "Ustron"]
[Date "2019.11.29"]
[Round "8"]
[White "Siekanska, Maria"]
[Black "Mirowska, Oliwia"]
[Result "1-0"]
[Board "7"]
[WhiteElo "1773"]
[WhiteCountry "POL"]
[WhiteFideId "21852650"]
[WhiteEloChange "14"]
[BlackElo "1925"]
[BlackCountry "POL"]
[BlackFideId "21807574"]
[BlackEloChange "-14"]

1. d4 {[%clk 1:30:30]} d6 {[%clk 1:30:19]} 2. c4 {[%clk 1:30:49]} f5 {[%clk
1:29:02]} 3. Nc3 {[%clk 1:30:49]} Nf6 {[%clk 1:29:02]} 4. Bg5 {[%clk 1:31:09]} e6
{[%clk 1:20:51]} 5. e4 {[%clk 1:28:20]} fxe4 {[%clk 1:19:39]} 6. Nxe4 {[%clk
1:27:08]} Nbd7 {[%clk 1:17:01]} 7. Bd3 {[%clk 1:22:48]} Qe7 {[%clk 1:08:25]} 8.
Ne2 {[%clk 1:19:13]} Qf7 {[%clk 1:04:40]} 9. N4c3 {[%clk 1:16:34]} Be7 {[%clk
1:02:47]} 10. Qc2 {[%clk 1:11:48]} Ng4 {[%clk 0:54:01]} 11. Be3 {[%clk 1:10:56]}
Ndf6 {[%clk 0:21:28]} 12. h3 {[%clk 0:56:17]} Nxe3 {[%clk 0:19:20]} 13. fxe3
{[%clk 0:56:37]} Bd7 {[%clk 0:18:33]} 14. O-O-O {[%clk 0:55:55]} O-O-O {[%clk
0:18:32]} 15. Rhf1 {[%clk 0:55:40]} Qh5 {[%clk 0:18:06]} 16. Nf4 {[%clk 0:54:17]}
Qa5 {[%clk 0:18:11]} 17. Be2 {[%clk 0:49:26]} g5 {[%clk 0:17:29]} 18. Nh5 {[%clk
0:46:57]} Rdf8 {[%clk 0:15:52]} 19. Nxf6 {[%clk 0:46:36]} Bxf6 {[%clk 0:15:52]}
20. Kb1 {[%clk 0:44:43]} Kb8 {[%clk 0:14:09]} 21. Rf2 {[%clk 0:42:25]} e5 {[%clk
0:11:41]} 22. d5 {[%clk 0:42:29]} Be8 {[%clk 0:10:34]} 23. Rdf1 {[%clk 0:41:12]}
Qb6 {[%clk 0:05:27]} 24. Rxf6 {[%clk 0:39:19]} Rxf6 {[%clk 0:05:27]} 25. Rxf6
{[%clk 0:39:19]} Qxe3 {[%clk 0:05:27]} 26. Bd3 {[%clk 0:33:57]} h5 {[%clk
0:04:04]} 27. Qe2 {[%clk 0:33:10]} Qd4 {[%clk 0:03:28]} 28. Qe4 {[%clk 0:32:34]}
Qg1+ {[%clk 0:02:41]} 29. Rf1 {[%clk 0:32:48]} Qc5 {[%clk 0:02:50]} 30. Qf5
{[%clk 0:32:02]} Qe3 {[%clk 0:01:38]} 31. Bc2 {[%clk 0:31:46]} Rg8 {[%clk
0:00:46]} 32. Qh7 {[%clk 0:31:20]} 1-0

[Event "Girls U20 Polish Youth Championship"]
[Site "Ustron"]
[Date "2019.11.29"]
[Round "8"]
[White "Szczotka, Klara"]
[Black "Czernikowska, Laura"]
[Result "1/2-1/2"]
[Board "8"]
[WhiteElo "1781"]
[WhiteCountry "POL"]
[WhiteFideId "21858845"]
[WhiteEloChange "-8"]
[BlackElo "1349"]
[BlackTitle "WCM"]
[BlackCountry "POL"]
[BlackFideId "21805970"]
[BlackEloChange "8"]

1. e4 {[%clk 1:30:57]} c5 {[%clk 1:30:54]} 2. Nf3 {[%clk 1:31:22]} e6 {[%clk
1:31:18]} 3. b3 {[%clk 1:31:44]} Nc6 {[%clk 1:31:24]} 4. Bb2 {[%clk 1:31:54]} d5
{[%clk 1:29:53]} 5. exd5 {[%clk 1:32:12]} exd5 {[%clk 1:28:36]} 6. Bb5 {[%clk
1:31:59]} Nf6 {[%clk 1:21:54]} 7. O-O {[%clk 1:29:21]} Be7 {[%clk 1:19:35]} 8. d4
{[%clk 1:25:26]} O-O {[%clk 1:17:44]} 9. Bxc6 {[%clk 1:19:02]} bxc6 {[%clk
1:16:04]} 10. Ne5 {[%clk 1:18:43]} Qc7 {[%clk 1:14:33]} 11. c3 {[%clk 1:14:52]}
Bd6 {[%clk 1:12:04]} 12. Nf3 {[%clk 1:13:36]} Re8 {[%clk 1:08:57]} 13. Nbd2
{[%clk 1:09:48]} cxd4 {[%clk 1:05:33]} 14. cxd4 {[%clk 1:10:09]} Ba6 {[%clk
1:02:09]} 15. Re1 {[%clk 1:09:28]} Rxe1+ {[%clk 1:02:10]} 16. Qxe1 {[%clk
1:09:42]} Re8 {[%clk 0:59:59]} 17. Qc1 {[%clk 1:09:18]} Ng4 {[%clk 0:49:33]} 18.
Ne5 {[%clk 1:02:36]} Nxe5 {[%clk 0:46:36]} 19. dxe5 {[%clk 1:03:00]} Bxe5 {[%clk
0:46:56]} 20. Bxe5 {[%clk 1:03:19]} Qxe5 {[%clk 0:46:30]} 21. Nf3 {[%clk
1:03:32]} Qf6 {[%clk 0:45:23]} 22. h3 {[%clk 1:00:08]} h6 {[%clk 0:44:39]} 23. a3
{[%clk 0:58:06]} Re2 {[%clk 0:41:54]} 24. Qd1 {[%clk 0:55:36]} c5 {[%clk
0:32:08]} 25. Rc1 {[%clk 0:55:25]} Qd6 {[%clk 0:30:44]} 26. b4 {[%clk 0:40:46]}
cxb4 {[%clk 0:30:25]} 27. axb4 {[%clk 0:41:13]} Re4 {[%clk 0:25:17]} 28. Rc5
{[%clk 0:30:29]} d4 {[%clk 0:21:15]} 29. Qb3 {[%clk 0:09:42]} d3 {[%clk 0:18:47]}
30. Rd5 {[%clk 0:07:27]} Qc7 {[%clk 0:14:46]} 31. Rc5 {[%clk 0:04:42]} Qb6 {[%clk
0:12:06]} 32. Rf5 {[%clk 0:03:49]} Qe6 {[%clk 0:10:43]} 33. Qxe6 {[%clk 0:04:05]}
fxe6 {[%clk 0:10:49]} 34. Ra5 {[%clk 0:04:07]} Bb7 {[%clk 0:08:03]} 35. Rxa7
{[%clk 0:03:24]} Re2 {[%clk 0:08:03]} 1/2-1/2